Universe : (Record no. 14153)
[ view plain ]
| 000 -LEADER | |
|---|---|
| fixed length control field | 00631nam a2200217 a 4500 |
| 001 - CONTROL NUMBER | |
| JCCL Control Number | 14153 |
| 003 - CONTROL NUMBER IDENTIFIER | |
| JCCL marc code | BD-JhCC |
| 005 - DATE AND TIME OF LATEST TRANSACTION | |
| control field | 20250203123143.0 |
| 008 - FIXED-LENGTH DATA ELEMENTS--GENERAL INFORMATION | |
| fixed length control field | 250203b 2020e a|||| ||a| 001 0 eng d |
| 020 ## - INTERNATIONAL STANDARD BOOK NUMBER | |
| International Standard Book Number | 9780241412749 |
| 035 ## - SYSTEM CONTROL NUMBER | |
| system control number | (BD-JhCC)14153 |
| 040 ## - CATALOGING SOURCE | |
| Original cataloging agency | BD-JhCC |
| Modifying agency | BD-JhCC |
| 041 ## - LANGUAGE CODE | |
| Language code of Book | english |
| 082 ## - DEWEY DECIMAL CLASSIFICATION NUMBER | |
| Classification number | 520.2 |
| Author mark and Year | UNI 2020 |
| 245 ## - TITLE STATEMENT | |
| Title | Universe : |
| Remainder of title | The definitive visual guide / |
| 260 ## - PUBLICATION, DISTRIBUTION, ETC. (IMPRINT) | |
| Place of publication, distribution, etc | London: |
| Name of publisher, distributor, etc | Dorling Kindersley Limited; |
| Date of publication, distribution, etc | 2020. |
| 300 ## - PHYSICAL DESCRIPTION | |
| Pagination | 528 p. : |
| Other physical details | ill; |
| Dimensions | 31 cm. |
| 650 ## - SUBJECT ADDED ENTRY--TOPICAL TERM | |
| Topical term or geographic name as entry element | Popular Works on Astronomy |
| Form subdivision | Astronomie Ouvrages de |
| General subdivision | Astronomy Popular works |
| Geographic subdivision | Astronomy |
| 942 ## - ADDED ENTRY ELEMENTS (KOHA) | |
| Source of classification or shelving scheme | Dewey Decimal Classification |
| Koha item type | Books |
| Source of classification or shelving scheme | Damaged status | Not for loan | Home library | Current library | Shelving location | Date of accession | Cost, normal purchase price | Full call number | Barcode | Date last seen | Copy number | Method of acquisition | Koha item type | Currency |
|---|---|---|---|---|---|---|---|---|---|---|---|---|---|---|
| Dewey Decimal Classification | JCC Rouf Library | JCC Rouf Library | General Stacks | 5000.00 | 520.2 UNI 2020 | 20045 | 02/03/2025 | C-1 | Exchange | Reference | BDT |